[Event "Relampago R-039 corr"]
[Site "CXV corr"]
[Date "2001.09.27"]
[Round "?"]
[White "Correa, Marcelo Feitoza"]
[Black "Neumann Neto, Joao"]
[Result "0-1"]
[WhiteElo "1455"]
[BlackElo "1807"]
[PlyCount "34"]
[EventDate "2001.??.??"]
[EventType "tourn (corr)"]
[EventRounds "12"]
[EventCountry "BRA"]
[SourceTitle "Corr 2004"]
[Source "ChessBase"]
[SourceDate "2003.04.28"]
[SourceVersion "3"]
[SourceVersionDate "2003.04.28"]
[SourceQuality "1"]

1. e4 e6 2. d4 d5 3. exd5 exd5 4. Nf3 Bd6 5. Nc3 c6 6. Be2 Ne7 7. 0-0 0-0 8. h3 Qc7 9. Bd3 h6 10. Re1 b6 11. Bd2 Ba6 12. Bxa6 Nxa6 13. Ne2 Rfe8 14. Qc1 Ng6 15. Bxh6 gxh6 16. Qxh6 Re4 17. Qc1 Rae8 0-1

[Event "Relampago R-030 corr"]
[Site "CXV corr"]
[Date "2001.07.03"]
[Round "?"]
[White "Correa, Marcelo Feitoza"]
[Black "Baranowiski Filho, Mario Albert"]
[Result "0-1"]
[WhiteElo "1459"]
[BlackElo "1806"]
[PlyCount "28"]
[EventDate "2001.??.??"]
[EventType "tourn (corr)"]
[EventRounds "6"]
[EventCountry "BRA"]
[SourceTitle "Corr 2004"]
[Source "ChessBase"]
[SourceDate "2003.04.28"]
[SourceVersion "3"]
[SourceVersionDate "2003.04.28"]
[SourceQuality "1"]

1. d4 Nf6 2. c4 g6 3. Nc3 Bg7 4. e4 d6 5. Nf3 0-0 6. Bd3 e5 7. d5 Nbd7 8. 0-0 Nh5 9. h3 Nf4 10. Bc2 Nb6 11. b3 f5 12. Ne2 fxe4 13. Bxe4 Nxh3+ 14. Kh1 Bg4 0-1